[Event "Taujenai Manor Cup"]
[Site "Taujenai"]
[Date "2021.11.27"]
[Round "2"]
[White "Gerasimovic, Stanislav"]
[Black "Salna, Aleksandras"]
[Result "0-1"]
[WhiteElo "1790"]
[BlackElo "2088"]
[PlyCount "100"]
[EventDate "2021.11.27"]
[EventType "swiss (rapid)"]
[EventRounds "9"]
[EventCountry "LTU"]
[SourceTitle "EXT 2023"]
[Source "ChessBase"]
[SourceDate "2022.10.05"]
[SourceVersion "1"]
[SourceVersionDate "2022.10.05"]
[SourceQuality "1"]

1. e4 c5 2. Nf3 Nc6 3. Bb5 g6 4. c3 Bg7 5. 0-0 e5 6. h3 Nge7 7. Re1 0-0 8. d3 a6 9. Bxc6 Nxc6 10. Be3 b6 11. d4 exd4 12. cxd4 d5 13. exd5 Qxd5 14. Nc3 Qh5 15. dxc5 bxc5 16. Qd5 Qxd5 17. Nxd5 Bb7 18. Bxc5 Rfd8 19. Ne7+ Nxe7 20. Rxe7 Bxf3 21. gxf3 Rac8 22. Be3 Rc2 23. Ra7 Rxb2 24. Rxa6 Rxf2 25. Kxf2 Bxa1 26. a4 Kg7 27. Ra7 Bd4 28. Bxd4+ Rxd4 29. Ra8 Kf6 30. a5 Ra4 31. a6 h5 32. a7 Kg5 33. Kg3 h4+ 34. Kf2 Kf4 35. Rh8 Ra2+ 36. Ke1 Rxa7 37. Rxh4+ Kxf3 38. Kd2 Rd7+ 39. Kc3 f5 40. Rh8 f4 41. h4 Ke3 42. h5 Rc7+ 43. Kb4 gxh5 44. Rxh5 f3 45. Re5+ Kd2 46. Rd5+ Ke1 47. Re5+ Kf1 48. Re8 f2 49. Rf8 Re7 50. Rd8 Ke2 0-1

[Event "Vilnius Zavanelli Memorial op-B"]
[Site "Vilnius"]
[Date "2018.10.28"]
[Round "6"]
[White "Ruginis, Antanas"]
[Black "Gerasimovic, Stanislav"]
[Result "0-1"]
[WhiteElo "1399"]
[BlackElo "1893"]
[PlyCount "27"]
[EventDate "2018.10.25"]
[EventType "swiss"]
[EventRounds "7"]
[EventCountry "LTU"]
[SourceTitle "EXT 2021"]
[Source "ChessBase"]
[SourceDate "2020.10.23"]
[SourceVersion "1"]
[SourceVersionDate "2020.10.23"]
[SourceQuality "1"]

1. e4 d5 2. exd5 Nf6 3. Nc3 Bg4 4. Be2 Bxe2 5. Qxe2 a6 6. Nf3 Nxd5 7. Nxd5 Qxd5 8. 0-0 Nc6 9. a3 0-0-0 10. Rd1 e5 11. d3 f6 12. Be3 g5 13. h3 h5 14. Nh2 0-1

[Event "Vilnius Zavanelli Memorial op-B"]
[Site "Vilnius"]
[Date "2018.10.26"]
[Round "2"]
[White "Janulynas, Jonas"]
[Black "Gerasimovic, Stanislav"]
[Result "1-0"]
[WhiteElo "1723"]
[BlackElo "1893"]
[PlyCount "31"]
[EventDate "2018.10.25"]
[EventType "swiss"]
[EventRounds "7"]
[EventCountry "LTU"]
[SourceTitle "CBM 187 Extra"]
[Source "ChessBase"]
[SourceDate "2018.11.04"]
[SourceVersion "1"]
[SourceVersionDate "2018.11.04"]
[SourceQuality "1"]

1. e4 e5 2. Nf3 Nc6 3. Bc4 Nf6 4. d3 d5 5. exd5 Nxd5 6. Bxd5 Qxd5 7. 0-0 Bg4 8. Nc3 Qd7 9. h3 Bh5 10. Re1 f6 11. Nxe5 Bxd1 12. Nxd7+ Kxd7 13. Nxd1 Nd4 14. Ne3 Re8 15. c3 Nc6 16. d4 1-0

[Event "WchT Amateur"]
[Site "Kaunas"]
[Date "2016.11.24"]
[Round "5.1"]
[White "Gerasimovic, Stanislav"]
[Black "Prigodin, Ruslan"]
[Result "1/2-1/2"]
[WhiteElo "1824"]
[BlackElo "1975"]
[PlyCount "86"]
[EventDate "2016.11.20"]
[EventType "team-swiss"]
[EventRounds "9"]
[EventCountry "LTU"]
[SourceTitle "CBM 175 Extra"]
[Source "ChessBase"]
[SourceDate "2016.12.12"]
[SourceVersion "1"]
[SourceVersionDate "2016.12.12"]
[SourceQuality "1"]
[WhiteTeam "Lithuania Vilnius"]
[BlackTeam "Lithuania AG"]
[WhiteTeamCountry "LTU"]
[BlackTeamCountry "LTU"]

1. e4 c6 2. Nf3 d5 3. Nc3 Bg4 4. Be2 e6 5. h3 Bxf3 6. Bxf3 Nd7 7. d4 dxe4 8. Nxe4 Ngf6 9. 0-0 Nxe4 10. Bxe4 Nf6 11. Bg5 Be7 12. Bxf6 Bxf6 13. c3 0-0 14. Qb3 Qc7 15. f4 g6 16. Rad1 Rad8 17. Qa3 a5 18. Qb3 Rd7 19. Kh1 Rfd8 20. a4 Bg7 21. Qc2 Bh6 22. g3 Bf8 23. h4 c5 24. dxc5 Qxc5 25. Rxd7 Rxd7 26. Qe2 b6 27. Bf3 Qf5 28. Kg2 Bc5 29. Rd1 Rxd1 30. Qxd1 e5 31. fxe5 Qxe5 32. Qe2 Qxe2+ 33. Bxe2 h5 34. g4 hxg4 35. Bxg4 f5 36. Bh3 Kg7 37. h5 Kf6 38. hxg6 Kxg6 39. Kf3 Kf6 40. b4 axb4 41. cxb4 Bxb4 42. Bf1 Ke5 43. Bb5 Bd2 1/2-1/2